000 00749nam a2200205Ia 4500
999 _c5028
_d5028
003 OSt
005 20200430144028.0
008 191128s1978 ck gr 000 0dspa d
040 _aCO-JMCR
_cCO-JMCR
041 0 _aspa
082 0 4 _a305.5 /
_bV343p
100 1 _aVillar Gaviria, Álvaro,
_eautor
_93813
245 1 0 _aPsicología y clases sociales en Colombia /
_cÁlvaro Villar Gaviria
260 _aBogotá :
_bGepe,
_c1978
300 _a402 páginas ;
_c19 cm.
504 _aBibliografía: páginas 383 - 402.
505 _aEstructuras familiares -- Lo anómalo -- La antigua burguesía -- Notas sobre la cortesía -- La nueva burguesía -- La neurosis del ama de casa
650 1 4 _aClases sociales Psicología social
_93814
942 _2ddc
_cBK